00379nam a2200121Ia 4500100001700000942000700017654001400024245003700038260003200075546001200107999001700119952012100136 aYariv Annon  cBK amechanism aTheory of Mechanisms & machines bJohn WileyaNew Yorkc1982 aENGLISH c28910d28910 001040708CRCaCRCEbCRCEd2023-03-17eglobal booksg313.74i81/93l0o p5093r2023-03-17v313.74w2023-03-17yBK